[Event "European Youth Chess Championship B14"]
[Site "Prague, Top Hotel Prague"]
[Date "2012.08.17"]
[Round "1.27"]
[White "Sheremet, Anton"]
[Black "Ucles Lirola, Moises"]
[Result "1-0"]
[WhiteElo "2114"]
[BlackElo "1857"]
[PlyCount "75"]
[EventDate "2012.08.17"]

1. c4 Nf6 2. Nc3 d6 3. g3 g6 4. Bg2 Bg7 5. d4 Nbd7 6. e4 O-O 7. Nge2 c5 8. O-O
Rb8 9. h3 cxd4 10. Nxd4 Ne5 11. b3 Nc6 12. Be3 a6 13. a4 Nd7 14. Nd5 Nc5 15.
Rb1 Nxd4 16. Bxd4 Bxd4 17. Qxd4 Bd7 18. a5 Bc6 19. b4 Nd7 20. Nc3 b6 21. b5 Bb7
22. axb6 Qxb6 23. Qd2 Rfc8 24. Na4 Qd8 25. Rfc1 Nb6 26. Qa5 Nxa4 27. Qxa4 Qb6
28. bxa6 Qxa6 29. Qd7 Re8 30. c5 Bc6 31. Qc7 Rbc8 32. Qb6 Qa8 33. Ra1 Qb7 34.
Ra7 Qxb6 35. cxb6 Bb5 36. Rxc8 Rxc8 37. b7 Rc1+ 38. Kh2 1-0

[Event "European Youth Chess Championship B14"]
[Site "Prague, Top Hotel Prague"]
[Date "2012.08.17"]
[Round "1.28"]
[White "Havelka, Josef"]
[Black "Mamedov, Elmin"]
[Result "1-0"]
[WhiteElo "1856"]
[BlackElo "2105"]
[PlyCount "65"]
[EventDate "2012.08.17"]

1. e4 d6 2. d4 g6 3. Be3 Bg7 4. Nc3 a6 5. a4 Nf6 6. f3 Nbd7 7. Qd2 h5 8. Nh3 c6
9. Ng5 Qa5 10. Bc4 O-O 11. O-O Nb6 12. Ba2 Qb4 13. a5 Nbd7 14. Bxf7+ Rxf7 15.
Ra4 Qxb2 16. Nxf7 b5 17. Rb1 Qxb1+ 18. Nxb1 bxa4 19. Ng5 Rb8 20. Na3 Nf8 21.
Qc3 Bd7 22. Qc4+ d5 23. Qxa6 dxe4 24. Qc4+ Kh8 25. fxe4 Ng4 26. Bd2 e5 27. h3
Nh6 28. dxe5 Re8 29. Bc3 Ne6 30. Nxe6 Bxe6 31. Qxa4 Bf8 32. Nc4 Kg8 33. Qxc6
1-0

[Event "European Youth Chess Championship B14"]
[Site "Prague, Top Hotel Prague"]
[Date "2012.08.17"]
[Round "1.29"]
[White "Pak, Alexander"]
[Black "Tsoi, Leo Z"]
[Result "1-0"]
[WhiteElo "2104"]
[BlackElo "1849"]
[PlyCount "73"]
[EventDate "2012.08.17"]

1. e4 c5 2. Nf3 d6 3. d4 cxd4 4. Nxd4 Nf6 5. Nc3 a6 6. Bg5 e6 7. f4 Qb6 8. Qd2
Qxb2 9. Rd1 Qb6 10. Be2 Nc6 11. Nxc6 bxc6 12. e5 dxe5 13. Bxf6 gxf6 14. Ne4 Be7
15. fxe5 fxe5 16. Nd6+ Bxd6 17. Qxd6 e4 18. Qe5 Rg8 19. Rf1 Ra7 20. c3 Rxg2 21.
Qh8+ Ke7 22. Qf6+ Ke8 23. Rd8+ Qxd8 24. Qh8+ Ke7 25. Rxf7+ Kxf7 26. Qxd8 Rg8
27. Bh5+ Kg7 28. Qd4+ Kh6 29. Qxa7 Rg7 30. Qd4 e5 31. Qxe5 Rg5 32. Qe8 Rxh5 33.
Qxc8 Kg5 34. Qxc6 Kf4 35. Qf6+ Ke3 36. Qf2+ Kd3 37. Qe2+ 1-0

[Event "European Youth Chess Championship B14"]
[Site "Prague, Top Hotel Prague"]
[Date "2012.08.17"]
[Round "1.30"]
[White "Kiss, Balint"]
[Black "Bakhmatsky, Vladislav"]
[Result "1-0"]
[WhiteElo "1840"]
[BlackElo "2101"]
[PlyCount "181"]
[EventDate "2012.08.17"]

1. e4 c5 2. Nf3 e6 3. d4 cxd4 4. Nxd4 Nf6 5. Nc3 Nc6 6. Ndb5 Bb4 7. a3 Bxc3+ 8.
Nxc3 d5 9. exd5 exd5 10. Bd3 O-O 11. O-O d4 12. Ne4 Bf5 13. Bg5 Bxe4 14. Bxe4
h6 15. Bxf6 Qxf6 16. Qf3 Qxf3 17. Bxf3 Rac8 18. Rad1 Rfd8 19. Be4 Ne5 20. b3 b5
21. Rd2 g6 22. f4 Ng4 23. f5 Kg7 24. fxg6 fxg6 25. h3 Ne3 26. Rf3 Rc3 27. Rg3
Rd6 28. Rf3 a5 29. Rdf2 Rc7 30. Rd2 Rcd7 31. Bd3 b4 32. axb4 axb4 33. Bb5 Re7
34. Rf4 Rb7 35. Bc4 Rbd7 36. Bb5 Rc7 37. Rfxd4 Rxd4 38. Rxd4 Rxc2 39. Rxb4
Rxg2+ 40. Kh1 Rb2 41. Be8 Nd5 42. Rb5 Nf4 43. Rb6 Re2 44. Bd7 Rd2 45. Bc8 Rd8
46. Rb7+ Kf6 47. Bd7 Kg5 48. b4 Kh4 49. Rc7 Nd5 50. Rc4+ Kg3 51. Bc6 Ne3 52.
Rc1 Kxh3 53. b5 Nf5 54. Rc3+ Kg4 55. Rb3 Nd4 56. Rb4 Kg3 57. Be4 g5 58. b6 Ne2
59. Rb3+ Kf4 60. Bg2 Nd4 61. Rd3 Ke5 62. b7 Rb8 63. Rc3 h5 64. Rc8 Rxb7 65.
Bxb7 Nf5 66. Rh8 Kf4 67. Rf8 Ke5 68. Kh2 g4 69. Bc8 Nd4 70. Rh8 Kf4 71. Rxh5
Nf3+ 72. Kg2 Ne1+ 73. Kf1 Nf3 74. Bb7 Nd4 75. Kg2 Nc2 76. Rh8 Ne3+ 77. Kg1 Kg3
78. Bc8 Kf4 79. Rg8 Kg3 80. Rg7 Kf3 81. Rh7 Kf4 82. Rg7 Kf3 83. Bb7+ Kf4 84.
Kf2 Nd1+ 85. Ke2 Nc3+ 86. Kd3 Nd1 87. Ke2 Nc3+ 88. Kd2 Nb5 89. Rd7 Na7 90. Rd5
g3 91. Ke2 1-0

[Event "European Youth Chess Championship B14"]
[Site "Prague, Top Hotel Prague"]
[Date "2012.08.17"]
[Round "1.31"]
[White "Pulpan, Jakub"]
[Black "Abbasov, Zaur"]
[Result "1-0"]
[WhiteElo "2087"]
[BlackElo "1839"]
[PlyCount "91"]
[EventDate "2012.08.17"]

1. e4 e6 2. d4 d5 3. Nd2 Nf6 4. Bd3 c5 5. c3 Nc6 6. Ngf3 cxd4 7. cxd4 Bb4 8. e5
Nd7 9. O-O f6 10. exf6 Nxf6 11. a3 Bd6 12. b4 a6 13. Bb2 O-O 14. Ne5 Ne7 15. f4
Nf5 16. Qe2 g6 17. Ndf3 Qe7 18. g3 b6 19. Rfc1 Bb7 20. Rc2 Ng7 21. Rac1 Nfh5
22. b5 a5 23. a4 Rae8 24. Ng5 Nf5 25. Nh3 Nf6 26. Nf2 Nh5 27. Nfg4 Rc8 28. Bxf5
exf5 29. Nh6+ Kh8 30. Nef7+ Kg7 31. Nxd6 Qxd6 32. Nxf5+ gxf5 33. Qxh5 Rxc2 34.
Rxc2 Rf7 35. Re2 h6 36. Re3 Qd7 37. Ba3 Qc8 38. Kg2 Qd7 39. Kh3 Bc8 40. Qh4 Qc7
41. Re7 Qc4 42. Rxf7+ Kxf7 43. Qe7+ Kg6 44. Qe8+ Kh7 45. Qf7+ Kh8 46. Be7 1-0

[Event "European Youth Chess Championship B14"]
[Site "Prague, Top Hotel Prague"]
[Date "2012.08.17"]
[Round "1.32"]
[White "Bulgurlu, Okan"]
[Black "Rudakov, Aleksandr"]
[Result "0-1"]
[WhiteElo "1839"]
[BlackElo "2086"]
[PlyCount "58"]
[EventDate "2012.08.17"]

1. d4 Nf6 2. c4 c5 3. Nf3 cxd4 4. Nxd4 e5 5. Nb5 d5 6. cxd5 Bc5 7. e3 a6 8.
N5c3 O-O 9. Bd3 Re8 10. O-O e4 11. Be2 b5 12. Qc2 Nbd7 13. Nd2 Qe7 14. a3 Bb7
15. b4 Bd6 16. Rd1 Rac8 17. Qb3 Qe5 18. f4 Qxc3 19. Qxc3 Rxc3 20. a4 Bxb4 21.
axb5 a5 22. Nc4 Rc8 23. Bd2 R3xc4 24. Bxc4 Rxc4 25. Bxb4 axb4 26. d6 g6 27. Ra7
Nc5 28. h3 Nfd7 29. Kh2 Rc3 0-1

[Event "European Youth Chess Championship B14"]
[Site "Prague, Top Hotel Prague"]
[Date "2012.08.17"]
[Round "1.34"]
[White "Radulescu, Vlad-Alexandru"]
[Black "Sibashvili, Giorgi"]
[Result "0-1"]
[WhiteElo "1830"]
[BlackElo "2073"]
[PlyCount "72"]
[EventDate "2012.08.17"]

1. e4 c5 2. Nf3 Nf6 3. Bd3 Nc6 4. O-O g6 5. c3 d5 6. e5 Ng4 7. Bb5 Bg7 8. d4
Qb6 9. Bxc6+ bxc6 10. Re1 O-O 11. Nbd2 cxd4 12. cxd4 f6 13. h3 Nxf2 14. Kxf2
fxe5 15. Kg1 e4 16. Nh2 e5 17. Nb3 exd4 18. Kh1 c5 19. Bg5 c4 20. Be7 cxb3 21.
Bxf8 Kxf8 22. a3 Kg8 23. Ng4 Be6 24. Rf1 d3 25. Qd2 Bxg4 26. hxg4 Qd4 27. Qf4
d2 28. Qf7+ Kh8 29. Qb7 Rf8 30. Rxf8+ Bxf8 31. Rd1 e3 32. Qc8 Qc5 33. Qe6 Qe7
34. Qxd5 e2 35. Qd4+ Qg7 36. Qxd2 Qh6+ 0-1

[Event "European Youth Chess Championship B14"]
[Site "Prague, Top Hotel Prague"]
[Date "2012.08.17"]
[Round "1.35"]
[White "Markoja, Boris"]
[Black "Valkama, Eero"]
[Result "1/2-1/2"]
[WhiteElo "2070"]
[BlackElo "1827"]
[PlyCount "103"]
[EventDate "2012.08.17"]

1. e4 e5 2. Nf3 Nc6 3. Bc4 Bc5 4. O-O Nf6 5. d3 d6 6. c3 a6 7. Bb3 Ba7 8. Nbd2
O-O 9. h3 h6 10. Re1 Be6 11. Bc2 Re8 12. Nf1 d5 13. Qe2 Qd7 14. Ng3 Rad8 15.
Nh2 dxe4 16. dxe4 Ne7 17. Qf3 Nh7 18. Nf5 f6 19. Ng4 Nxf5 20. exf5 Bd5 21. Qg3
Kh8 22. Ne3 Bf7 23. h4 c5 24. Be4 Qc7 25. Qf3 b5 26. Nc2 Nf8 27. Be3 Nd7 28. g4
c4 29. Nb4 Bxe3 30. Qxe3 Nc5 31. Nc6 Nxe4 32. Nxd8 Rxd8 33. Qxe4 Rd3 34. Qa8+
Kh7 35. g5 hxg5 36. hxg5 fxg5 37. Qh1+ Kg8 38. Rad1 Bd5 39. Qh2 Bf3 40. Rc1 Rd5
41. Re3 g4 42. Rce1 Rd6 43. Qxe5 Rh6 44. Rxf3 Qxe5 45. Rxe5 gxf3 46. a4 bxa4
47. Ra5 Rb6 48. Rxa4 Rxb2 49. Rxc4 Rc2 50. Ra4 Rxc3 51. Rxa6 Kf7 52. Kh2
1/2-1/2

[Event "European Youth Chess Championship B14"]
[Site "Prague, Top Hotel Prague"]
[Date "2012.08.17"]
[Round "1.36"]
[White "Kostka, Vit"]
[Black "Santos Ruiz, Miguel"]
[Result "1-0"]
[WhiteElo "1820"]
[BlackElo "2069"]
[PlyCount "47"]
[EventDate "2012.08.17"]

1. e4 e6 2. d4 d5 3. exd5 exd5 4. Bd3 Nc6 5. c3 Bd6 6. h3 Nge7 7. Nf3 Bf5 8.
Bxf5 Nxf5 9. Qb3 Qe7+ 10. Kd1 O-O-O 11. Qxd5 Be5 12. Qe4 Nfxd4 13. cxd4 Qc5 14.
Nbd2 Bxd4 15. Qc2 Qa5 16. Qb3 Qa6 17. a4 Ne7 18. Qxf7 Bf6 19. Re1 Qd3 20. Ra3
Qb1 21. Rxe7 Bxe7 22. Qxe7 Qg6 23. Re3 Rd7 24. Qxd7+ 1-0

[Event "European Youth Chess Championship B14"]
[Site "Prague, Top Hotel Prague"]
[Date "2012.08.17"]
[Round "1.38"]
[White "Kula, Dominik"]
[Black "Plenca, Jadranko"]
[Result "0-1"]
[WhiteElo "1794"]
[BlackElo "2061"]
[PlyCount "46"]
[EventDate "2012.08.17"]

1. e4 e5 2. Nf3 Nc6 3. Bc4 Nf6 4. d3 Bc5 5. c3 O-O 6. Nbd2 d5 7. exd5 Nxd5 8.
Ne4 Be7 9. O-O a6 10. Be3 b5 11. Bb3 f5 12. Neg5 Kh8 13. Bxd5 Qxd5 14. Qb3 Qxb3
15. axb3 h6 16. Nh4 Rf6 17. Ngf3 f4 18. Nxe5 Nxe5 19. Bd4 Rf7 20. Rfe1 Bxh4 21.
Rxe5 Bb7 22. Rae1 Kh7 23. c4 Rd8 0-1

[Event "European Youth Chess Championship B14"]
[Site "Prague, Top Hotel Prague"]
[Date "2012.08.17"]
[Round "1.39"]
[White "Tokranovs, Dmitrijs"]
[Black "Zeman, Radek"]
[Result "1/2-1/2"]
[WhiteElo "2060"]
[BlackElo "1794"]
[PlyCount "91"]
[EventDate "2012.08.17"]

1. e4 e5 2. Nf3 Nc6 3. Bc4 Nf6 4. Ng5 Bc5 5. Nxf7 Bxf2+ 6. Kxf2 Nxe4+ 7. Kg1
Qh4 8. g3 Nxg3 9. Nxh8 Nxh1 10. Bf1 Nd4 11. Bg2 Nf2 12. Qf1 Nxc2 13. Nc3 c6 14.
Qxf2 Qxf2+ 15. Kxf2 Nxa1 16. Be4 g6 17. Nxg6 hxg6 18. Bxg6+ Ke7 19. b4 d5 20.
Bb2 Bd7 21. Ne2 d4 22. Ng3 Be6 23. Bxa1 Bxa2 24. h4 Rf8+ 25. Ke2 Bc4+ 26. d3
Be6 27. Be4 Bg4+ 28. Ke1 Rh8 29. h5 Bxh5 30. Nf5+ Kf6 31. Nxd4 Bg6 32. Bxg6
Kxg6 33. Nc2 Kf5 34. Kd2 Rh2+ 35. Kc3 Ke6 36. Ne3 Re2 37. Nc4 b6 38. Bb2 e4 39.
dxe4 Rxe4 40. Kd3 Rh4 41. Bc3 Rh3+ 42. Ne3 c5 43. bxc5 bxc5 44. Bd2 Rh4 45. Bc1
Rh3 46. Kc4 1/2-1/2

[Event "European Youth Chess Championship B14"]
[Site "Prague, Top Hotel Prague"]
[Date "2012.08.17"]
[Round "1.40"]
[White "Manfroi, Andrea"]
[Black "Suarez Gomez, Julio"]
[Result "0-1"]
[WhiteElo "1786"]
[BlackElo "2057"]
[PlyCount "86"]
[EventDate "2012.08.17"]

1. e4 e6 2. d4 d5 3. e5 c5 4. c3 Qb6 5. a3 Nc6 6. Nf3 a5 7. Bd3 a4 8. O-O Bd7
9. Bc2 Qb5 10. Re1 Na5 11. Nbd2 c4 12. Nf1 Nb3 13. Bxb3 Qxb3 14. Qxb3 cxb3 15.
Ng3 Bb5 16. Bf4 Ne7 17. Rac1 Nc6 18. Nd2 Na5 19. Ngf1 Be7 20. Ne3 Rc8 21. Bg3
h5 22. f4 g6 23. Bf2 Rc6 24. Nf3 Nc4 25. Nxc4 Bxc4 26. Bh4 Bxh4 27. Nxh4 Bd3
28. Nf3 Ke7 29. g3 b5 30. Kf2 Bf5 31. Ke3 Rhc8 32. Kd2 b4 33. cxb4 Rc2+ 34.
Rxc2 Rxc2+ 35. Ke3 Rxb2 36. b5 Rc2 37. b6 Rc6 38. b7 Rb6 39. Nd2 Rxb7 40. Rc1
b2 41. Rb1 Bxb1 42. Nxb1 Rc7 43. Kd2 Rc1 0-1

[Event "European Youth Chess Championship B14"]
[Site "Prague, Top Hotel Prague"]
[Date "2012.08.17"]
[Round "1.41"]
[White "Haria, Ravi"]
[Black "Yaver, Faik Emre"]
[Result "1-0"]
[WhiteElo "2054"]
[BlackElo "1782"]
[PlyCount "93"]
[EventDate "2012.08.17"]

1. e4 e5 2. Nf3 Nc6 3. Bb5 a6 4. Ba4 Nf6 5. O-O Nxe4 6. d4 b5 7. Bb3 d5 8. dxe5
Be6 9. Nbd2 Nc5 10. c3 d4 11. Bxe6 Nxe6 12. cxd4 Ncxd4 13. Ne4 Be7 14. Be3 Nf5
15. Qc2 O-O 16. Neg5 Nxg5 17. Bxg5 Qc8 18. Rac1 Bxg5 19. Nxg5 h6 20. Nf3 Qe6
21. Qe4 g6 22. b3 Qe7 23. Qc6 Rfc8 24. Rfd1 Qe6 25. Qxe6 fxe6 26. Rc6 Rd8 27.
Rdc1 Nd4 28. Nxd4 Rxd4 29. Rxe6 Rad8 30. g3 Rd1+ 31. Rxd1 Rxd1+ 32. Kg2 Kf7 33.
Rf6+ Kg7 34. Rc6 Rd2 35. Rxc7+ Kf8 36. Rc6 Rxa2 37. Rxg6 a5 38. Rxh6 Ra3 39.
Ra6 b4 40. h4 Rxb3 41. Rxa5 Rb2 42. Rb5 Kf7 43. h5 b3 44. Rb7+ Kg8 45. e6 Rb1
46. Rb8+ Kg7 47. e7 1-0

[Event "European Youth Chess Championship B14"]
[Site "Prague, Top Hotel Prague"]
[Date "2012.08.17"]
[Round "1.42"]
[White "Vangsgaard, Bjarke"]
[Black "Johannesson, Oliver"]
[Result "1/2-1/2"]
[WhiteElo "1780"]
[BlackElo "2047"]
[PlyCount "70"]
[EventDate "2012.08.17"]

1. d4 Nf6 2. Bf4 e6 3. e3 c5 4. Bd3 cxd4 5. exd4 Qb6 6. Nf3 Nd5 7. Bc1 Qc7 8.
O-O Nb4 9. c3 Nxd3 10. Qxd3 b6 11. Bg5 Ba6 12. Qe3 Bxf1 13. Kxf1 d5 14. Nbd2
Be7 15. Re1 O-O 16. Qd3 h6 17. Bxe7 Qxe7 18. Ne5 Nd7 19. Ndf3 Nxe5 20. Nxe5 Qc7
21. Kg1 Rab8 22. Qb5 Qd6 23. Qd7 Rbd8 24. Qa4 a6 25. Re3 b5 26. Qc2 f5 27. Rg3
b4 28. Qd2 Rf6 29. cxb4 Rc8 30. a3 Qc7 31. Rc3 Qb7 32. Rg3 Qc7 33. Rc3 Qb7 34.
Rg3 Qc7 35. Rc3 Qb7 1/2-1/2

[Event "European Youth Chess Championship B14"]
[Site "Prague, Top Hotel Prague"]
[Date "2012.08.17"]
[Round "1.44"]
[White "Martins, Guilherme Pires Tava"]
[Black "Vetrov, Gleb"]
[Result "0-1"]
[WhiteElo "1761"]
[BlackElo "2043"]
[PlyCount "104"]
[EventDate "2012.08.17"]

1. e4 c6 2. d4 d5 3. exd5 cxd5 4. Bd3 Nc6 5. c3 Nf6 6. Bf4 Bg4 7. Qb3 Qc8 8.
Nd2 e6 9. Ngf3 Be7 10. O-O O-O 11. Rfe1 Bh5 12. Ne5 Nd7 13. Ndf3 Ncxe5 14. Nxe5
Nxe5 15. Bxe5 Bg6 16. Bxg6 hxg6 17. a4 Qc6 18. Qd1 a5 19. Qg4 Ra6 20. h4 Kh7
21. h5 g5 22. h6 gxh6 23. Re3 f5 24. Qh5 Qe8 25. Qh2 f4 26. Rh3 Qg6 27. g4 f3
28. Bc7 Rf7 29. Re1 Bf8 30. Bd8 Ra8 31. Bb6 e5 32. Bc5 Bxc5 33. dxc5 Rf4 34.
Rg3 Qc2 35. Rh3 Ra6 36. Qg3 Qxa4 37. Kh2 e4 38. Qg1 Qd7 39. Rd1 Qc7 40. Kh1
Qxc5 41. Rd4 Rd6 42. Rh5 Qc8 43. Qh2 Qxg4 44. Rd1 e3 45. Rg1 e2 46. Rxg4 Rxg4
47. Qe5 Re4 48. Qf5+ Kg7 49. Qxf3 e1=Q+ 50. Kg2 Rf6 51. Qg3 Rxf2+ 52. Qxf2 Re2
0-1

[Event "European Youth Chess Championship B14"]
[Site "Prague, Top Hotel Prague"]
[Date "2012.08.17"]
[Round "1.45"]
[White "Goldobin, Aleksei"]
[Black "Simo, Marian"]
[Result "1-0"]
[WhiteElo "2041"]
[BlackElo "1760"]
[PlyCount "43"]
[EventDate "2012.08.17"]

1. d4 b6 2. c4 e6 3. Nc3 Bb7 4. e4 Bb4 5. Qc2 c5 6. d5 h6 7. Bd3 Ne7 8. Nge2
O-O 9. O-O d6 10. f4 a6 11. f5 exf5 12. exf5 Bxc3 13. Qxc3 f6 14. Nf4 Bc8 15.
Ne6 Bxe6 16. fxe6 b5 17. b3 Qb6 18. Be3 b4 19. Qd2 g5 20. h4 Kg7 21. hxg5 hxg5
22. Bxg5 1-0

[Event "European Youth Chess Championship B14"]
[Site "Prague, Top Hotel Prague"]
[Date "2012.08.17"]
[Round "1.46"]
[White "Schweighoffer, Martin"]
[Black "Snihur, Piotr"]
[Result "0-1"]
[WhiteElo "1756"]
[BlackElo "2038"]
[PlyCount "54"]
[EventDate "2012.08.17"]

1. e4 c5 2. Nf3 d6 3. d4 Nf6 4. Nc3 cxd4 5. Nxd4 a6 6. Be2 e6 7. O-O Qc7 8. Bg5
Nbd7 9. a4 b6 10. f3 Be7 11. Kh1 O-O 12. Qe1 Bb7 13. Qf2 Nc5 14. Be3 Rfd8 15.
Rfd1 d5 16. exd5 Nxd5 17. Nxd5 Bxd5 18. b4 Nd7 19. Rab1 Bd6 20. Bd3 Ne5 21. Qh4
Nxd3 22. Rxd3 Rac8 23. Rbd1 Bc4 24. Bg5 f6 25. Qg4 Bxd3 26. Nxe6 Qxc2 27. Re1
Bf5 0-1

[Event "European Youth Chess Championship B14"]
[Site "Prague, Top Hotel Prague"]
[Date "2012.08.17"]
[Round "1.47"]
[White "Melnikov, Egor"]
[Black "Suleymanli, Ramazan"]
[Result "1-0"]
[WhiteElo "2033"]
[BlackElo "1750"]
[PlyCount "90"]
[EventDate "2012.08.17"]

1. e4 e6 2. d4 d5 3. Nc3 Nf6 4. Bg5 Be7 5. e5 Nfd7 6. Bxe7 Qxe7 7. Nb5 Qd8 8.
c3 a6 9. Na3 c5 10. Nc2 Nc6 11. f4 cxd4 12. cxd4 Qa5+ 13. Qd2 Qxd2+ 14. Kxd2 b5
15. Nf3 Nb6 16. b3 Ke7 17. Bd3 Bb7 18. g4 b4 19. f5 a5 20. Ne3 Ba6 21. g5 g6
22. fxe6 Bxd3 23. Kxd3 Kxe6 24. Ng4 Ne7 25. Nh4 Nd7 26. Rhf1 Rac8 27. Ng2 Nf5
28. Nf4+ Ke7 29. Nxd5+ Ke6 30. Nf4+ Ke7 31. Rac1 Rhd8 32. Ke4 Rxc1 33. Rxc1
Nc5+ 34. dxc5 Rd4+ 35. Kf3 Nh4+ 36. Ke2 Rxf4 37. c6 Kd8 38. c7+ Kc8 39. Nf6 Rd4
40. Rc5 Ng2 41. Ne8 Nf4+ 42. Ke3 Ne6 43. Rc1 Rd5 44. Nd6+ Rxd6 45. exd6 Nf8 1-0

[Event "European Youth Chess Championship B14"]
[Site "Prague, Top Hotel Prague"]
[Date "2012.08.17"]
[Round "1.49"]
[White "Afanaskin, Igor"]
[Black "Hadzialic, Benjamin"]
[Result "1/2-1/2"]
[WhiteElo "2029"]
[BlackElo "1745"]
[PlyCount "79"]
[EventDate "2012.08.17"]

1. e4 e6 2. d4 d5 3. Nc3 Nf6 4. Bg5 Bb4 5. e5 h6 6. Bd2 Bxc3 7. bxc3 Ne4 8. Bd3
Nxd2 9. Qxd2 c5 10. Nf3 Nc6 11. O-O Qa5 12. Rfd1 O-O 13. Qe3 c4 14. Be2 b5 15.
a3 Qc7 16. Nh4 Qe7 17. g3 a5 18. f4 Bd7 19. Rf1 b4 20. axb4 axb4 21. cxb4 Rxa1
22. Rxa1 Qxb4 23. Rf1 Ra8 24. Nf3 Ra3 25. Qf2 Qc3 26. Bd1 Nb4 27. Ne1 Ra1 28.
Bg4 g6 29. Kg2 Rc1 30. Qf3 Qxd4 31. Qa3 Qd2+ 32. Rf2 Qxe1 33. Qa8+ Kg7 34. Qd8
Qg1+ 35. Kh3 Be8 36. Bxe6 Qxf2 37. Qf6+ Kg8 38. Qxg6+ Kf8 39. Qxh6+ Ke7 40.
Qf6+ 1/2-1/2

[Event "European Youth Chess Championship B14"]
[Site "Prague, Top Hotel Prague"]
[Date "2012.08.17"]
[Round "1.50"]
[White "Cesenek, Jan"]
[Black "Ladopoulos, Dimitrios"]
[Result "0-1"]
[WhiteElo "1736"]
[BlackElo "2027"]
[PlyCount "64"]
[EventDate "2012.08.17"]

1. Nf3 Nf6 2. g3 g6 3. Bg2 Bg7 4. O-O O-O 5. d4 d6 6. c4 Nbd7 7. Nc3 c6 8. Qc2
e5 9. Rd1 Qc7 10. e4 exd4 11. Nxd4 Ne5 12. b3 a6 13. a4 c5 14. Nde2 Bg4 15. Bf4
Rad8 16. Bxe5 dxe5 17. h3 Bc8 18. Nd5 Nxd5 19. cxd5 Bd7 20. Rab1 Qd6 21. Rd3
Rc8 22. Rc3 Rfe8 23. Rd1 b5 24. axb5 axb5 25. Ra1 f5 26. f3 b4 27. Rd3 Bb5 28.
Rdd1 c4 29. bxc4 Rxc4 30. Qa2 Qc5+ 31. Kh2 Rc2 32. Rac1 Rxa2 0-1

[Event "European Youth Chess Championship B14"]
[Site "Prague, Top Hotel Prague"]
[Date "2012.08.17"]
[Round "1.51"]
[White "Percivaldi, Martin"]
[Black "Spiridonov, Mikhail"]
[Result "1-0"]
[WhiteElo "2024"]
[BlackElo "1720"]
[PlyCount "89"]
[EventDate "2012.08.17"]

1. d4 d5 2. c4 e6 3. Nf3 Nf6 4. g3 c6 5. Bg2 dxc4 6. O-O Be7 7. a4 O-O 8. Qc2
Nbd7 9. Nbd2 Qc7 10. Nxc4 Nb6 11. Rd1 Nxc4 12. Qxc4 Bd6 13. Bd2 e5 14. dxe5
Bxe5 15. Nxe5 Qxe5 16. Bc3 Qg5 17. f4 Qh6 18. Bxf6 Qxf6 19. Qb4 Bg4 20. Rd6 Qe7
21. e4 Rad8 22. e5 Rxd6 23. exd6 Qe3+ 24. Kh1 Bf3 25. Re1 Bxg2+ 26. Kxg2 Qd3
27. Kf2 a5 28. Qc5 b6 29. Qe5 h5 30. Re3 Qd2+ 31. Re2 Qd3 32. Qe7 Qd4+ 33. Kg2
Qd5+ 34. Kf2 Qd4+ 35. Ke1 Qg1+ 36. Kd2 Qd4+ 37. Kc1 Qc4+ 38. Kb1 Qd3+ 39. Ka2
Qd5+ 40. b3 b5 41. d7 g6 42. Qxf8+ Kxf8 43. Re8+ Kg7 44. d8=Q Qg2+ 45. Kb1 1-0

[Event "European Youth Chess Championship B14"]
[Site "Prague, Top Hotel Prague"]
[Date "2012.08.17"]
[Round "1.52"]
[White "Lopez Popov, Ivan"]
[Black "Rydl, Jiri"]
[Result "0-1"]
[WhiteElo "1719"]
[BlackElo "2021"]
[PlyCount "64"]
[EventDate "2012.08.17"]

1. e4 e6 2. Nf3 d5 3. Nc3 Nf6 4. e5 Nfd7 5. d4 c5 6. dxc5 Nc6 7. Bf4 Bxc5 8.
Bd3 f6 9. exf6 Nxf6 10. Qe2 O-O 11. O-O-O a6 12. h4 Bd6 13. Bxd6 Qxd6 14. Kb1
Bd7 15. h5 Rac8 16. Nh4 Ne5 17. g3 b5 18. f4 Nc4 19. Bxc4 Rxc4 20. Nf3 Rfc8 21.
Ne5 Rxc3 22. bxc3 Qc7 23. Rd3 Be8 24. g4 Ne4 25. Qg2 Nxc3+ 26. Ka1 Qa5 27. Rxc3
Qxc3+ 28. Kb1 Qb4+ 29. Ka1 Qxf4 30. Nd3 Qd4+ 31. Kb1 b4 32. Rf1 Ba4 0-1

[Event "European Youth Chess Championship B14"]
[Site "Prague, Top Hotel Prague"]
[Date "2012.08.17"]
[Round "1.53"]
[White "Ptacek, Tomas"]
[Black "Svoboda, Filip"]
[Result "1-0"]
[WhiteElo "2019"]
[BlackElo "1706"]
[PlyCount "113"]
[EventDate "2012.08.17"]

1. d4 Nf6 2. Nf3 d5 3. c4 e6 4. Nc3 Be7 5. cxd5 exd5 6. Bg5 c6 7. Qc2 O-O 8. e3
Bg4 9. Ne5 Bh5 10. Bd3 Bg6 11. Nxg6 fxg6 12. O-O Nbd7 13. f3 c5 14. dxc5 Nxc5
15. Bxf6 Bxf6 16. Nxd5 Nxd3 17. Qxd3 Qd6 18. Qb3 Kh8 19. e4 Be5 20. h3 b6 21.
Kh1 g5 22. Rad1 Qh6 23. Ne3 Qh4 24. Rd7 Qg3 25. Ng4 Bf4 26. Qc3 Rg8 27. Qe1
Qxe1 28. Rxe1 Rgd8 29. Rxd8+ Rxd8 30. e5 h5 31. Nf2 Kg8 32. e6 Bg3 33. Kg1 Re8
34. Re2 Bxf2+ 35. Kxf2 g6 36. Re5 Kg7 37. Rxg5 Kf6 38. Rd5 Rxe6 39. Rd7 a5 40.
Rd4 g5 41. h4 gxh4 42. Rxh4 Kg5 43. Rd4 Kg6 44. Rd5 Kh6 45. f4 Rc6 46. Kf3 Kg6
47. g4 hxg4+ 48. Kxg4 Kg7 49. Kf5 Rc2 50. Rb5 Rc6 51. Ke5 Kf7 52. b3 Ke7 53. f5
Rd6 54. Rd5 Rc6 55. Rd2 Kf7 56. Rd7+ Ke8 57. Rd6 1-0

[Event "European Youth Chess Championship B14"]
[Site "Prague, Top Hotel Prague"]
[Date "2012.08.17"]
[Round "1.54"]
[White "Lukic, Lazar"]
[Black "Chekletsov, Ilya"]
[Result "1/2-1/2"]
[WhiteElo "1692"]
[BlackElo "2018"]
[PlyCount "103"]
[EventDate "2012.08.17"]

1. e4 c5 2. Nf3 d6 3. d4 cxd4 4. Nxd4 Nf6 5. Nc3 g6 6. Be2 Bg7 7. O-O O-O 8.
Be3 Nc6 9. h3 Bd7 10. Qd2 a6 11. Rad1 b5 12. a3 Rc8 13. f3 Re8 14. Rfe1 Qa5 15.
Nb3 Qd8 16. Nd4 Qc7 17. Kh1 Qb8 18. Ra1 Nh5 19. Nxc6 Rxc6 20. Bd4 Ng3+ 21. Kg1
Bxd4+ 22. Qxd4 Nxe2+ 23. Rxe2 Rc4 24. Qd3 Qa7+ 25. Kh1 Be6 26. Rd2 Rec8 27. Nd1
R4c6 28. c3 Bb3 29. Qd4 Qb7 30. Ne3 a5 31. Nd5 Rc5 32. Ne3 Be6 33. Rb1 f6 34.
Rbd1 Bb3 35. Rb1 Kg7 36. Ra1 R8c7 37. Rb1 Rd7 38. Qd3 e5 39. Ra1 Qc6 40. Rg1
Qb7 41. Rb1 Qc6 42. Rg1 Qa8 43. Rb1 Qg8 44. Ra1 Qe6 45. Rb1 d5 46. exd5 Bxd5
47. Rbd1 Bc6 48. Qe2 Rxd2 49. Qxd2 e4 50. Re1 Rh5 51. Kg1 Qe5 52. fxe4 1/2-1/2

[Event "European Youth Chess Championship B14"]
[Site "Prague, Top Hotel Prague"]
[Date "2012.08.17"]
[Round "1.55"]
[White "Dvorak, Adam"]
[Black "Bares, Jachym"]
[Result "1-0"]
[WhiteElo "2008"]
[BlackElo "1684"]
[PlyCount "81"]
[EventDate "2012.08.17"]

1. d4 f5 2. g3 e6 3. Bg2 Nf6 4. Nf3 Be7 5. O-O O-O 6. Nbd2 d6 7. Re1 d5 8. Ne5
Nbd7 9. Nd3 c5 10. e3 Ne4 11. Nf3 c4 12. Nf4 Ndf6 13. Ne5 Bd6 14. h4 Qc7 15.
Nf3 Ng4 16. Rf1 Be7 17. Qe2 Bd7 18. c3 b5 19. Nd2 Ngf6 20. Kh2 Ng4+ 21. Kg1
Ngf6 22. Nxe4 Nxe4 23. Bd2 a5 24. Kh2 b4 25. f3 Nxd2 26. Qxd2 bxc3 27. bxc3
Rab8 28. e4 fxe4 29. fxe4 dxe4 30. Bxe4 Rb6 31. Qc2 g6 32. Bxg6 Kg7 33. Nh5+
Kh8 34. Rxf8+ Bxf8 35. Qf2 Qd8 36. Rf1 Rb8 37. Bxh7 Kxh7 38. Qf7+ Kh8 39. Nf6
Rb2+ 40. Kg1 Bg7 41. Qh5+ 1-0